| 000 | 00743nam a22001817a 4500 | ||
|---|---|---|---|
| 999 |
_c80859 _d80859 |
||
| 008 | 201130b ||||| |||| 00| 0 eng d | ||
| 040 |
_bger _cDE-2950 _erda _aDE-2950 |
||
| 041 | _ager | ||
| 100 | _aScherer, Antje: | ||
| 245 |
_a"Wir sind startklar". _bSerie: gibt´s da was zwischen Multiplex-Kino und Netflix? Ja! Das kleine Kino bietet seit 1993 anspruchsvollen Filmfans ein Zuhause - falls nicht gerade Corona ist / _cAntje Scherer |
||
| 653 | _aFrankfurt (Oder) | ||
| 653 | _aKleines Kino | ||
| 773 |
_dFrankfurt (Oder): Märkisches Verlags- und Druckhaus GmbH & Co KG _g32. Jahrgang (2021) Nr. 67 vom 20./21.03.2021, S. 14 _tMärkische Oderzeitung |
||
| 942 | _cA | ||